[Event "2LD 24/25,Jihlava B-Rychnov n/Kn"]
[Site ""]
[Date "2025.03.30"]
[Round "11.7"]
[White "Fisar, Josef"]
[Black "Majocha, Piotr"]
[WhiteElo "2053"]
[BlackElo "2039"]
[Result "1/2-1/2"]
[PlyCount "82"]

1. e4 c5 2. Nf3 Nc6 3. Bb5 e6 4. Bxc6 bxc6 5. d3 d6 6. e5 d5 7. c4 Ne7 8. Nc3
Bd7 9. b3 Nf5 10. Na4 Qc7 11. O-O a6 12. Ba3 Qa7 13. Rc1 Rc8 14. Qd2 a5 15. g4
Nh6 16. h3 Be7 17. Qe3 d4 18. Qf4 O-O 19. Nxd4 cxd4 20. Bxe7 c5 21. Bxf8 Rxf8
22. Qd2 Bc6 23. f4 Qe7 24. Qf2 Ba8 25. Qg3 g6 26. Rc2 Kh8 27. Kh2 Rg8 28. h4
Nf5 29. gxf5 gxf5 30. Rg1 Rxg3 31. Kxg3 Bc6 32. Rb2 h6 33. Rf2 Kg7 34. Kh3+ Kf8
35. Rg3 Qa7 36. Nb2 Ba8 37. Rg1 Ke7 38. Rff1 Qb7 39. Na4 Qc6 40. Rg8 Bb7 41. h5
Kd7 1/2-1/2

[Event "2LD 24/25,Jihlava B-Rychnov n/Kn"]
[Site ""]
[Date "2025.03.30"]
[Round "11.8"]
[White "Machlowski, Slawomir"]
[Black "Hron, Robert"]
[WhiteElo "1990"]
[BlackElo "1925"]
[Result "1-0"]
[PlyCount "45"]

1. g3 Nf6 2. Bg2 d5 3. Nf3 e6 4. c4 c6 5. cxd5 cxd5 6. O-O Nc6 7. d3 Bd6 8. Nc3
O-O 9. e4 dxe4 10. dxe4 h6 11. Qe2 Nd7 12. Rd1 Qe7 13. Be3 Nde5 14. Rac1 Nxf3+
15. Bxf3 Rd8 16. Bg2 Bd7 17. Nb5 Be8 18. Rxd6 Rxd6 19. Bc5 Rad8 20. Nxd6 Rxd6
21. e5 Nd4 22. Qe3 Qc7 23. exd6 1-0

[Event "2LD 24/25,Vysoke Myto-Namest n/Osl A"]
[Site ""]
[Date "2025.03.30"]
[Round "11.1"]
[White "Sabol, Marian"]
[Black "Walek, Petr"]
[WhiteElo "2216"]
[BlackElo "2251"]
[Result "0-1"]
[PlyCount "68"]

1. d4 Nf6 2. Bg5 Ne4 3. Bh4 g5 4. f3 gxh4 5. fxe4 c5 6. e3 Bh6 7. Qd3 Qb6 8. b3
cxd4 9. exd4 d5 10. exd5 Qf6 11. Nf3 Bf5 12. Qb5+ Nd7 13. Bd3 O-O 14. d6 Bg4
15. Qd5 exd6 16. O-O Be3+ 17. Kh1 Qh6 18. Nc3 Nf6 19. Qxb7 Rab8 20. Qxa7 Nh5
21. Nxh4 Bg5 22. g3 Nxg3+ 23. hxg3 Bxh4 24. Kg2 Qd2+ 25. Rf2 Qxc3 26. Raf1 Qc6+
27. Kh2 Ra8 28. d5 Qxd5 29. Qb6 Bd8 30. Qb4 Qh5+ 31. Kg1 Qg5 32. Qe4 Qh5 33.
Qxa8 Bb6 34. Qc6 Bf3 0-1

[Event "2LD 24/25,Vysoke Myto-Namest n/Osl A"]
[Site ""]
[Date "2025.03.30"]
[Round "11.2"]
[White "Richterova, Natasa"]
[Black "Grundman, Vaclav"]
[WhiteElo "2130"]
[BlackElo "2070"]
[Result "1-0"]
[PlyCount "91"]

1. e4 c5 2. Nf3 e6 3. d4 cxd4 4. Nxd4 a6 5. Nb3 Qc7 6. g3 Nf6 7. Bg2 b5 8. Bf4
e5 9. Bg5 Be7 10. O-O O-O 11. Nc3 Bb7 12. Bxf6 Bxf6 13. Nd5 Bxd5 14. Qxd5 Nc6
15. c3 Rfd8 16. Rfd1 b4 17. Rac1 Qb6 18. h4 a5 19. Nd2 Ne7 20. Qb3 Qe6 21. Nf1
Qxb3 22. axb3 Nc6 23. Ne3 Be7 24. Bh3 Ra7 25. Nd5 Kf8 26. Bf1 Rb8 27. Bc4 Bc5
28. Ra1 d6 29. Rd3 Ke8 30. Kg2 Kf8 31. Kf3 Ne7 32. Ne3 Bxe3 33. Kxe3 Nc8 34.
Rd5 Nb6 35. Rb5 Nxc4+ 36. bxc4 Rc8 37. cxb4 Rxc4 38. bxa5 Ra6 39. Rb8+ Ke7 40.
b4 Rac6 41. Ra2 Rc3+ 42. Kd2 R3c4 43. a6 Rd4+ 44. Ke2 Rxe4+ 45. Kf3 Rc3+ 46.
Kg2 1-0

[Event "2LD 24/25,Vysoke Myto-Namest n/Osl A"]
[Site ""]
[Date "2025.03.30"]
[Round "11.3"]
[White "Vesely, Tomas"]
[Black "Kratochvil, Vit"]
[WhiteElo "2017"]
[BlackElo "2225"]
[Result "0-1"]
[PlyCount "54"]

1. e4 c5 2. Nf3 g6 3. d4 cxd4 4. Nxd4 Nc6 5. c4 Nf6 6. Nc3 d6 7. Be2 Bg7 8. Be3
O-O 9. O-O Bd7 10. Nc2 Qa5 11. f3 Rfc8 12. Qd2 Be6 13. Rab1 Nd7 14. b4 Qd8 15.
Nd5 Nce5 16. Na3 a5 17. bxa5 Bxd5 18. exd5 Qxa5 19. Qxa5 Rxa5 20. Rb3 Rca8 21.
Nb1 Rxa2 22. Nc3 Rc2 23. Bd4 Nxf3+ 24. Rxf3 Bxd4+ 25. Kf1 Nc5 26. Bd1 Nxb3 27.
Bxc2 Nd2+ 0-1

[Event "2LD 24/25,Vysoke Myto-Namest n/Osl A"]
[Site ""]
[Date "2025.03.30"]
[Round "11.4"]
[White "Zezula, Jakub"]
[Black "Trhal, Tomas"]
[WhiteElo "2165"]
[BlackElo "2043"]
[Result "1-0"]
[PlyCount "87"]

1. e4 c5 2. Nf3 d6 3. d4 cxd4 4. Nxd4 Nf6 5. Nc3 a6 6. Be2 e6 7. g4 Be7 8. Be3
Qc7 9. h4 b5 10. a3 Bb7 11. f3 Nc6 12. Qd2 Nd7 13. g5 Nc5 14. h5 O-O-O 15.
O-O-O Kb8 16. Kb1 Ne5 17. Rhf1 Rhf8 18. f4 Nxe4 19. Nxe4 Bxe4 20. a4 Nc4 21.
Bxc4 bxc4 22. f5 exf5 23. Nxf5 g6 24. Nxe7 Qxe7 25. Bf4 Ka8 26. Bxd6 Qd7 27.
hxg6 hxg6 28. Qa5 Rfe8 29. Qxa6+ Qa7 30. Qxa7+ Kxa7 31. Rxf7+ Ka8 32. Rf6 Bf5
33. Rd5 Re1+ 34. Ka2 Bxc2 35. Ra5+ Kb7 36. Rb5+ Ka8 37. a5 Ba4 38. Bc7 Bxb5 39.
Bxd8 Be8 40. Bb6 Re2 41. Ka3 Kb7 42. Bd4 Re4 43. a6+ Ka8 44. Rd6 1-0

[Event "2LD 24/25,Vysoke Myto-Namest n/Osl A"]
[Site ""]
[Date "2025.03.30"]
[Round "11.5"]
[White "Kosek, Marek"]
[Black "Mrazik, Tomas"]
[WhiteElo "2116"]
[BlackElo "1994"]
[Result "1-0"]
[PlyCount "61"]

1. Nf3 Nf6 2. d4 g6 3. Nc3 d5 4. Bf4 c6 5. e3 Bg7 6. Bd3 O-O 7. h3 b5 8. O-O
Nbd7 9. Ne5 Qb6 10. a4 b4 11. a5 Qb7 12. a6 Qb6 13. Na4 Qd8 14. Nxc6 Qe8 15.
Nxb4 e5 16. dxe5 Nxe5 17. Be2 Bd7 18. Nc3 Rb8 19. Ncxd5 Nxd5 20. Nxd5 Rxb2 21.
Bh6 Qb8 22. Bxg7 Kxg7 23. Rb1 Rxb1 24. Qxb1 Qd6 25. Rd1 Bc6 26. e4 Rb8 27. Qa1
f6 28. Qd4 Rd8 29. Qxa7+ Rd7 30. Qb6 f5 31. f4 1-0

[Event "2LD 24/25,Vysoke Myto-Namest n/Osl A"]
[Site ""]
[Date "2025.03.30"]
[Round "11.6"]
[White "Kosut, Tomas"]
[Black "Ptacek, Lubos"]
[WhiteElo "1945"]
[BlackElo "2067"]
[Result "0-1"]
[PlyCount "70"]

1. e4 e5 2. Nf3 Nc6 3. Bc4 Be7 4. O-O Nf6 5. d3 d6 6. h3 O-O 7. Nc3 Be6 8. Nd5
Bxd5 9. Bxd5 Nxd5 10. exd5 Nb8 11. Re1 f5 12. Nh2 Nd7 13. f4 Bh4 14. Re2 Qf6
15. Nf3 Bg3 16. fxe5 dxe5 17. c4 h6 18. Be3 Rae8 19. Qc2 g5 20. Rf1 g4 21. Nd2
Qh4 22. Bf2 Bxf2+ 23. Rexf2 gxh3 24. gxh3 Kh8 25. Nf3 Rg8+ 26. Kh1 Qxh3+ 27.
Nh2 Rg5 28. Rf3 Qh5 29. Qf2 f4 30. d4 Nf6 31. Qe2 e4 32. R3f2 f3 33. Qe3 Ng4
34. Qf4 Nxf2+ 35. Rxf2 Reg8 0-1

[Event "2LD 24/25,Vysoke Myto-Namest n/Osl A"]
[Site ""]
[Date "2025.03.30"]
[Round "11.7"]
[White "Kosek, Jiri"]
[Black "Miculka, David"]
[WhiteElo "1939"]
[BlackElo "2007"]
[Result "0-1"]
[PlyCount "84"]

1. d4 Nf6 2. Nf3 g6 3. g3 Bg7 4. Bg2 O-O 5. O-O d6 6. c4 Nbd7 7. Nc3 Re8 8. e4
e5 9. d5 Nc5 10. Qc2 a5 11. h3 Bd7 12. Kh2 Nh5 13. Be3 b6 14. Rae1 f5 15. Bg5
Qc8 16. Nh4 f4 17. Qe2 Rf8 18. g4 Nf6 19. Bxf6 Bxf6 20. Nf3 Kg7 21. Nd2 Rh8 22.
Bf3 Qd8 23. Rg1 Qe7 24. b3 h6 25. a3 Rh7 26. b4 Nb7 27. Nb3 a4 28. Nc1 Nd8 29.
Nd3 Nf7 30. Rc1 Ng5 31. Kg2 Rah8 32. Nb5 h5 33. Rh1 hxg4 34. hxg4 Rh3 35. Rxh3
Rxh3 36. Ne1 Nxf3 37. Nxf3 Bxg4 38. Rc3 Qd8 39. Nxc7 Qh8 40. Ne6+ Bxe6 41. dxe6
Rh1 42. Ne1 Qh2+ 0-1

[Event "2LD 24/25,Vysoke Myto-Namest n/Osl A"]
[Site ""]
[Date "2025.03.30"]
[Round "11.8"]
[White "Zaza, Martin"]
[Black "Dosedel, Jiri"]
[WhiteElo "1938"]
[BlackElo "2019"]
[Result "1/2-1/2"]
[PlyCount "46"]

1. e4 d6 2. d4 Nf6 3. Nc3 g6 4. Nf3 Bg7 5. h3 O-O 6. Be3 c6 7. a4 Qa5 8. Qd2
Nbd7 9. Be2 e5 10. O-O a6 11. Bh6 exd4 12. Nxd4 Nxe4 13. Nxe4 Qxd2 14. Bxd2
Bxd4 15. Nxd6 Be5 16. Nxc8 Raxc8 17. c3 Nf6 18. f4 Bc7 19. f5 Ne4 20. Bh6 Ng3
21. Bc4 Bb6+ 22. Kh2 Bc7 23. Kg1 Bb6+ 1/2-1/2